[Event "33rd Leon Blitz Final"]
[Site "chess.com INT"]
[Date "2020.07.15"]
[Round "2.2"]
[White "Sevian, Samuel"]
[Black "Ponkratov, Pavel"]
[Result "0-1"]
[WhiteTitle "GM"]
[BlackTitle "GM"]
[WhiteElo "2660"]
[BlackElo "2631"]
[WhiteFideId "2040506"]
[BlackFideId "4157800"]
[EventDate "2020.07.15"]
[EventType "k.o. blitz"]

1. e4 e5 2. Nf3 Nf6 3. Nxe5 Nxe4 4. Qe2 Qe7 5. Qxe4 d6 6. d4 dxe5 7. dxe5 Nc6 8.
Bb5 Bd7 9. Nc3 O-O-O 10. O-O Nxe5 11. Bf4 Ng6 12. Bxd7+ Rxd7 13. Be3 Qxe4 14.
Nxe4 f5 15. Nc5 Bxc5 16. Bxc5 b6 17. Bb4 c5 18. Bc3 Nf4 19. Rfe1 Nd5 20. Be5 Re8
21. f4 Nb4 22. Re2 g5 23. a3 Nc6 24. Rae1 Rde7 25. Kf2 Kd7 26. Rd2+ Kc8 27. Rde2
g4 28. c3 Na5 29. a4 Kb7 30. Kg3 c4 31. Kh4 Nb3 32. Kg5 Rf7 33. Bf6 Ref8 34.
Re7+ Ka6 35. Rxf7 Rxf7 36. Re7 Rf8 37. Bg7 Rd8 38. Kxf5 Rd2 39. Ke6 Nc5+ 40. Kf7
Rxg2 41. f5 Rxh2 42. Re3 Rf2 43. f6 h5 44. Kg6 h4 45. f7 g3 46. f8=Q Rxf8 47.
Bxf8 g2 48. Re1 h3 49. Bd6 Nd3 50. Ra1 Nxb2 51. Kf5 Kb7 52. Kg4 Nxa4 53. Kxh3
Nxc3 54. Kxg2 Ne4 55. Bf4 a5 56. Kf3 Nc5 57. Be5 Kc6 58. Ke3 Nb3 59. Rh1 b5 60.
Rh6+ Kd5 61. Rh5 Kc6 62. Rh6+ Kc5 63. Bd6+ Kd5 64. Bc7 a4 65. Ba5 Nxa5 66. Rh5+
Kc6 67. Kd4 Kb6 68. Rh6+ Nc6+ 69. Kd5 a3 70. Rxc6+ Ka5 71. Kc5 a2 72. Rc8 Ka4
73. Ra8+ Kb3 74. Kd4 c3 75. Kd3 b4 76. Ra7 Kb2 77. Kc4 b3 78. Kb4 c2 79. Ra3
c1=Q 80. Rxb3+ Kc2 0-1

[Event "33rd Leon Blitz Final"]
[Site "chess.com INT"]
[Date "2020.07.15"]
[Round "2.3"]
[White "Ponkratov, Pavel"]
[Black "Sevian, Samuel"]
[Result "1/2-1/2"]
[WhiteTitle "GM"]
[BlackTitle "GM"]
[WhiteElo "2631"]
[BlackElo "2660"]
[WhiteFideId "4157800"]
[BlackFideId "2040506"]
[EventDate "2020.07.15"]
[EventType "k.o. blitz"]

1. Nf3 d5 2. g3 Nd7 3. Bg2 e5 4. O-O c6 5. c4 Bd6 6. cxd5 cxd5 7. Nc3 Ne7 8. Qb3
Nc5 9. Qc2 Bf5 10. d3 Rc8 11. Qd1 Nd7 12. e4 Bg4 13. exd5 O-O 14. h3 Bh5 15. d4
exd4 16. Qxd4 Nb6 17. Rd1 Rc4 18. Qd3 Bg6 19. Qf1 Re8 20. Be3 Rb4 21. b3 Nf5 22.
Bg5 Qd7 23. Re1 Bc5 24. Rxe8+ Qxe8 25. Re1 Qf8 26. Kh2 Bd6 27. Bd2 Nd4 28. Nh4
Nc2 29. Nxg6 hxg6 30. Re4 Rd4 31. Rxd4 Nxd4 32. Qd3 Nf5 33. Ne4 Bb8 34. a4 Qd8
35. Nc5 Qe7 36. b4 Nc8 37. Qe4 Qxe4 38. Bxe4 Nfd6 39. Bg2 Bc7 40. Bf4 Bd8 41. h4
b6 42. Ne4 Nxe4 43. Bxe4 Be7 44. b5 Bc5 45. Kg2 Nd6 46. Bd3 Kf8 47. Kf3 Ke7 48.
Be5 f6 49. Bc3 Kf7 50. g4 Nb7 51. Ke2 Bd6 52. Bc2 Bc7 53. Ke3 Nc5 54. f4 Bd6 55.
g5 Bf8 56. f5 gxf5 57. gxf6 g6 58. h5 Bh6+ 59. Kf3 gxh5 60. Bxf5 Bf8 61. Bd4 Bd6
62. Bh3 Kg6 63. Be6 Nb3 64. Bc3 Nc5 65. f7 Nxa4 66. Be5 Bf8 67. d6 Nc5 68. Bd5
Kf5 69. Bh2 Nd7 70. Kg2 Nf6 71. Bc6 Ke6 72. Kh3 Nd7 73. Kh4 Nf6 74. Kg5 Kxf7 75.
d7 Be7 76. Kf5 Bd8 77. Bb8 h4 78. Bxa7 Ke7 79. Bb8 Nxd7 80. Bh2 Nc5 81. Kg4 Ke6
82. Bg1 Be7 83. Bxc5 Bxc5 84. Kxh4 1/2-1/2

[Event "33rd Leon Blitz Final"]
[Site "chess.com INT"]
[Date "2020.07.15"]
[Round "2.4"]
[White "Sevian, Samuel"]
[Black "Ponkratov, Pavel"]
[Result "0-1"]
[WhiteTitle "GM"]
[BlackTitle "GM"]
[WhiteElo "2660"]
[BlackElo "2631"]
[WhiteFideId "2040506"]
[BlackFideId "4157800"]
[EventDate "2020.07.15"]
[EventType "k.o. blitz"]

1. e4 e6 2. d4 d5 3. Nd2 g6 4. Ngf3 Bg7 5. c3 Ne7 6. Bd3 b6 7. h4 h6 8. Nf1 Bb7
9. e5 c5 10. Ng3 Qd7 11. Be3 Ba6 12. dxc5 Bxd3 13. Qxd3 Nbc6 14. cxb6 axb6 15.
Bd4 Qc7 16. Qe2 O-O 17. O-O Rfb8 18. Rfe1 b5 19. a3 Nxd4 20. cxd4 b4 21. Rec1
Qb6 22. a4 b3 23. Rc3 Nc6 24. Qd1 Na5 25. Ne2 Nc4 26. Nd2 Nxb2 27. Qb1 Qa6 28.
Nf4 Nxa4 29. Rxb3 Rxb3 30. Qxb3 Bf8 31. Qg3 Qc6 32. Nf1 Nb6 33. Rxa8 Nxa8 34.
Ne3 Nc7 35. Kh2 Ne8 36. Ng4 Qb6 37. Qd3 Kg7 38. h5 g5 39. Ne2 Qb2 40. f4 gxf4
41. Nxf4 Qc1 42. Nxe6+ fxe6 43. Qg6+ Kh8 44. Qxe8 Qf4+ 45. Kh3 Qf5 46. Kg3 Kg7
47. Qd7+ Kh8 48. Nf6 Qg5+ 49. Kf3 Qf5+ 50. Ke3 Qg5+ 51. Kf3 Qf5+ 52. Kg3 Qg5+
53. Ng4 Qf5 54. Qe8 Kg7 55. Qd8 Bb4 56. Qd7+ Kh8 57. Qe8+ Kg7 58. Qd7+ Kh8 59.
Qc8+ Bf8 60. Nf6 Qg5+ 61. Kh3 Qf5+ 62. Kg3 Qg5+ 63. Ng4 Qf5 64. Nxh6 Qd3+ 65.
Kh2 Qf1 66. Ng4 Qf5 67. Kg3 Kg7 68. h6+ Kg6 69. Qe8+ Qf7 70. Qd8 Bb4 71. Qh4
Be1+ 72. Kh3 Bxh4 73. Kxh4 Qf4 74. Kh3 Qxd4 75. Kg3 Qc3+ 76. Kf4 Qd2+ 77. Kf3 d4
78. Nf6 Qe3+ 79. Kg4 Qg5+ 80. Kf3 Qxe5 81. Ng4 Qf5+ 82. Kg3 d3 0-1

[Event "33rd Leon Blitz Final"]
[Site "chess.com INT"]
[Date "2020.07.15"]
[Round "2.1"]
[White "Korobov, Anton"]
[Black "Chigaev, Maksim"]
[Result "1/2-1/2"]
[WhiteTitle "GM"]
[BlackTitle "GM"]
[WhiteElo "2688"]
[BlackElo "2588"]
[WhiteFideId "14105730"]
[BlackFideId "4108116"]
[EventDate "2020.07.15"]
[EventType "k.o. blitz"]

1. d4 Nf6 2. c4 g6 3. Nc3 Bg7 4. e4 d6 5. f3 O-O 6. Nge2 a6 7. Be3 b5 8. cxb5
axb5 9. Nxb5 c6 10. Nbc3 Nbd7 11. Ng3 h5 12. Bd3 h4 13. Nge2 e5 14. O-O d5 15.
exd5 Nxd5 16. Nxd5 cxd5 17. h3 exd4 18. Bxd4 Bxd4+ 19. Nxd4 Qb6 20. Bb5 Nc5 21.
Kh1 Ne6 22. Nxe6 Bxe6 23. a4 d4 24. Ra3 Rfd8 25. Qe1 Bf5 26. Qxh4 d3 27. Rd1 d2
28. Rc3 Rd6 29. Qf4 Rad8 30. Kh2 Qf2 31. Rc7 Qb6 32. Re7 Rd4 33. Qe5 Bc2 34.
Rxd2 Rxd2 35. Bc4 Qd6 36. Qxd6 R8xd6 37. Rxf7 Kh8 38. a5 Bd3 39. Bxd3 R2xd3 40.
b4 Rb3 41. Rb7 Ra6 42. Rb5 Kg7 43. Kg3 Rb2 44. h4 Kh6 45. Kh3 Rc6 46. g4 Rcc2
47. Rb7 Rh2+ 48. Kg3 Rhg2+ 49. Kf4 g5+ 50. hxg5+ Kg6 51. Rb6+ Kg7 52. Kf5 Rge2
53. a6 Re7 54. b5 Rc7 55. Kf4 Rb4+ 56. Kg3 Rb3 57. Kh4 Rxf3 58. g6 Rb3 59. Rb8
Ra7 60. Kg5 Rb4 61. Rb6 Rc7 62. Kh4 Rd7 63. Rb8 Ra7 64. Rb6 Rc7 65. Kh5 Rc5+ 66.
g5 Rbxb5 67. a7 Rxg5+ 68. Kh4 Rxb6 69. a8=Q Rgxg6 70. Qa7+ Kh6 71. Qa4 Rbf6 72.
Qd4 Kh7 73. Qd7+ Rg7 74. Qd3+ 1/2-1/2

[Event "33rd Leon Blitz Final"]
[Site "chess.com INT"]
[Date "2020.07.15"]
[Round "2.2"]
[White "Chigaev, Maksim"]
[Black "Korobov, Anton"]
[Result "1-0"]
[WhiteTitle "GM"]
[BlackTitle "GM"]
[WhiteElo "2588"]
[BlackElo "2688"]
[WhiteFideId "4108116"]
[BlackFideId "14105730"]
[EventDate "2020.07.15"]
[EventType "k.o. blitz"]

1. e4 c5 2. Be2 Nc6 3. f4 e6 4. Nf3 d5 5. d3 Nf6 6. e5 Nd7 7. c4 a6 8. Nc3 d4 9.
Ne4 b5 10. b3 Bb7 11. O-O Be7 12. Kh1 Qc7 13. Bd2 bxc4 14. bxc4 O-O 15. Qe1 Rab8
16. Qg3 Ba8 17. Bd1 Nb4 18. Nf2 Rb6 19. a3 Nc6 20. Ng4 Kh8 21. Ng5 Rb2 22. Bc1
Rxg2 23. Kxg2 Ncxe5+ 24. Kg1 Ng6 25. Bf3 Bxf3 26. Nxf3 Rb8 27. Nge5 Kg8 28. Nxd7
Qxd7 29. Ne5 Nxe5 30. fxe5 Rb3 31. Bh6 Bf8 32. Rab1 Qb7 33. Rxb3 Qxb3 34. Qf3 f5
35. exf6 1-0

[Event "33rd Leon Blitz Final"]
[Site "chess.com INT"]
[Date "2020.07.15"]
[Round "2.3"]
[White "Korobov, Anton"]
[Black "Chigaev, Maksim"]
[Result "1/2-1/2"]
[WhiteTitle "GM"]
[BlackTitle "GM"]
[WhiteElo "2688"]
[BlackElo "2588"]
[WhiteFideId "14105730"]
[BlackFideId "4108116"]
[EventDate "2020.07.15"]
[EventType "k.o. blitz"]

1. d4 Nf6 2. c4 g6 3. Nc3 Bg7 4. e4 d6 5. Be2 O-O 6. Bg5 c5 7. d5 e6 8. Nf3 exd5
9. cxd5 Re8 10. Nd2 Na6 11. O-O Nc7 12. Qc2 a6 13. a4 Rb8 14. a5 Bd7 15. Rfe1 h6
16. Bh4 Nb5 17. Nxb5 Bxb5 18. Bc4 Qd7 19. h3 Nh5 20. Ra3 g5 21. Bg3 f5 22. Bh2
f4 23. f3 b6 24. axb6 Rxb6 25. b3 Reb8 26. Kh1 Be5 27. Bg1 Qg7 28. Qa2 R6b7 29.
Rb1 Ng3+ 30. Kh2 h5 31. b4 cxb4 32. Rxb4 Bxc4 33. Rxb7 Rxb7 34. Qxc4 Rb2 35. Nf1
Qc7 36. Qxa6 g4 37. fxg4 hxg4 38. Qa8+ Rb8 39. Qa6 Rb2 40. Qa8+ Rb8 41. Qa6 Rb2 1/2-1/2

[Event "33rd Leon Blitz Final"]
[Site "chess.com INT"]
[Date "2020.07.15"]
[Round "2.4"]
[White "Chigaev, Maksim"]
[Black "Korobov, Anton"]
[Result "0-1"]
[WhiteTitle "GM"]
[BlackTitle "GM"]
[WhiteElo "2588"]
[BlackElo "2688"]
[WhiteFideId "4108116"]
[BlackFideId "14105730"]
[EventDate "2020.07.15"]
[EventType "k.o. blitz"]

1. e4 c5 2. Be2 Nf6 3. d3 e5 4. Nf3 Nc6 5. O-O Be7 6. Nbd2 O-O 7. c3 d5 8. exd5
Nxd5 9. Nc4 f6 10. a4 Kh8 11. Re1 g5 12. Bf1 Bf5 13. Nfd2 Qd7 14. Ne4 Rad8 15.
a5 Nf4 16. Bxf4 gxf4 17. Qa4 Rg8 18. Kh1 a6 19. g3 fxg3 20. fxg3 Be6 21. Nf2 h5
22. Bg2 Qe8 23. Nd2 Qg6 24. Nf3 Qg7 25. Rad1 f5 26. Ng1 c4 27. d4 e4 28. Ngh3 h4
29. g4 Bd6 30. d5 Qe5 31. Kg1 fxg4 32. Kf1 gxh3 33. Bxe4 Rdf8 34. dxe6 Qxh2 0-1

[Event "33rd Leon Blitz Final"]
[Site "chess.com INT"]
[Date "2020.07.15"]
[Round "2.5"]
[White "Chigaev, Maksim"]
[Black "Korobov, Anton"]
[Result "1-0"]
[WhiteTitle "GM"]
[BlackTitle "GM"]
[WhiteElo "2588"]
[BlackElo "2688"]
[WhiteFideId "4108116"]
[BlackFideId "14105730"]
[EventDate "2020.07.15"]
[EventType "k.o. blitz"]

1. e4 c5 2. Nf3 d6 3. c3 Nf6 4. g3 Nc6 5. d3 g6 6. Bg2 Bg7 7. O-O O-O 8. Re1 e5
9. a4 a6 10. Nbd2 Rb8 11. Nc4 b5 12. axb5 axb5 13. Ne3 h6 14. Nd2 h5 15. Nd5
Nxd5 16. exd5 Ne7 17. c4 Bg4 18. f3 Bd7 19. Ne4 bxc4 20. dxc4 Nf5 21. Ra7 Bc8
22. Bg5 Qb6 23. Ra2 f6 24. Bd2 Nd4 25. Ba5 Qb3 26. Qxb3 Rxb3 27. Nxd6 Nxf3+ 28.
Bxf3 Rxf3 29. Nxc8 Rxc8 30. Bc3 Rd3 31. Kf2 Bh6 32. Ra6 Kf7 33. Rf1 f5 34. Bxe5
Rd2+ 35. Kg1 Be3+ 36. Kh1 Bd4 37. Ra7+ Kf8 38. Bf4 Rxb2 39. d6 Rd8 40. Bg5 Rbb8
41. Re1 Kg8 42. Bxd8 Rxd8 43. Re6 Rb8 44. Rxg6+ Kf8 45. d7 Rd8 46. Rg5 Ke7 47.
Rxf5 h4 48. gxh4 Rg8 49. d8=Q+ 1-0

[Event "33rd Leon Blitz Final"]
[Site "chess.com INT"]
[Date "2020.07.15"]
[Round "3.1"]
[White "Ponkratov, Pavel"]
[Black "Chigaev, Maksim"]
[Result "1-0"]
[WhiteTitle "GM"]
[BlackTitle "GM"]
[WhiteElo "2631"]
[BlackElo "2588"]
[WhiteFideId "4157800"]
[BlackFideId "4108116"]
[EventDate "2020.07.15"]
[EventType "k.o. blitz"]

1. d4 Nf6 2. c4 g6 3. f3 Bg7 4. e4 d6 5. Be3 O-O 6. Ne2 a6 7. a4 Nbd7 8. Nbc3 c5
9. a5 Nh5 10. g4 Nhf6 11. h4 cxd4 12. Nxd4 Ne5 13. Be2 h5 14. g5 Nfd7 15. b4 Nc6
16. Rb1 Nde5 17. Nd5 Nxd4 18. Bxd4 Be6 19. Nb6 Rb8 20. f4 Nd7 21. Bxg7 Kxg7 22.
Qd4+ Kh7 23. O-O Nxb6 24. axb6 Bh3 25. Rfd1 Qc8 26. f5 gxf5 27. e5 Bg4 28. Bxg4
hxg4 29. exd6 exd6 30. Rbc1 Qc6 31. Qxd6 Qf3 32. Rd3 Qe4 33. Qh6+ Kg8 34. g6
fxg6 35. Qxg6+ Kh8 36. Qh6+ Kg8 37. Rd7 Rf7 38. Qg6+ Kh8 39. Qh5+ 1-0

[Event "33rd Leon Blitz Final"]
[Site "chess.com INT"]
[Date "2020.07.15"]
[Round "3.2"]
[White "Chigaev, Maksim"]
[Black "Ponkratov, Pavel"]
[Result "1/2-1/2"]
[WhiteTitle "GM"]
[BlackTitle "GM"]
[WhiteElo "2588"]
[BlackElo "2631"]
[WhiteFideId "4108116"]
[BlackFideId "4157800"]
[EventDate "2020.07.15"]
[EventType "k.o. blitz"]

1. e4 e5 2. Nf3 Nc6 3. Bc4 Nf6 4. d4 exd4 5. e5 Ng4 6. O-O Be7 7. Re1 d6 8. exd6
Qxd6 9. b3 O-O 10. Ba3 Qd8 11. Bxe7 Nxe7 12. Qxd4 Nc6 13. Qf4 Qf6 14. Qxf6 Nxf6
15. Nc3 Bf5 16. Nd5 Bxc2 17. Nxf6+ gxf6 18. Bd5 Rfe8 19. Rxe8+ Rxe8 20. Bxc6
bxc6 21. Nd4 Be4 22. Re1 Kf8 23. f3 Bd5 24. Rc1 a5 25. Nxc6 Re2 26. Nxa5 Rxa2
27. b4 Rb2 28. Rc5 c6 29. Nxc6 Bxc6 30. Rxc6 Rxb4 31. Rxf6 Kg7 32. Ra6 h6 33.
Kf2 Rb2+ 34. Kg3 Rc2 35. h4 Rb2 36. h5 Rc2 37. Kh3 Rb2 38. g4 Rb3 39. Kg3 Rc3
40. Rb6 Ra3 41. Rd6 Rb3 42. Rd5 Ra3 43. Kf4 Rb3 44. Ke4 Ra3 45. f4 Rg3 46. Kf5
Rf3 47. Rd2 Rf1 48. Re2 Rf3 49. Rg2 Rf1 50. g5 hxg5 51. Rxg5+ Kh6 52. Rg8 Rf2
53. Rg1 Rf3 54. Rg4 Rf1 55. Rh4 Ra1 56. Kf6 Ra7 57. Rh1 Ra4 58. f5 Rf4 59. Rg1
Rf2 60. Rg8 Kxh5 61. Rg7 Ra2 62. Rxf7 Ra6+ 63. Kg7 Kg5 64. f6 Rb6 65. Rf8 Ra6
66. f7 Rg6+ 67. Kh7 Rh6+ 68. Kg8 Rg6+ 69. Kh8 Rh6+ 70. Kg8 Rg6+ 71. Kh8 Rh6+ 72.
Kg8 1/2-1/2

[Event "33rd Leon Blitz Final"]
[Site "chess.com INT"]
[Date "2020.07.15"]
[Round "3.3"]
[White "Ponkratov, Pavel"]
[Black "Chigaev, Maksim"]
[Result "1-0"]
[WhiteTitle "GM"]
[BlackTitle "GM"]
[WhiteElo "2631"]
[BlackElo "2588"]
[WhiteFideId "4157800"]
[BlackFideId "4108116"]
[EventDate "2020.07.15"]
[EventType "k.o. blitz"]

1. d4 Nf6 2. c4 d6 3. Nc3 g6 4. e4 Bg7 5. Bd3 O-O 6. Nge2 c5 7. d5 Na6 8. O-O
Nc7 9. a4 b6 10. h3 a6 11. Bf4 Nd7 12. Qd2 Ne5 13. b3 Nxd3 14. Qxd3 Rb8 15. Qg3
f6 16. Bd2 b5 17. a5 bxc4 18. bxc4 f5 19. Rac1 fxe4 20. Nxe4 Bf5 21. Qh4 e6 22.
Bg5 Qd7 23. dxe6 Nxe6 24. Nf6+ Bxf6 25. Bxf6 Bd3 26. Rfe1 Qf7 27. Ba1 Bxe2 28.
Rxe2 Qf4 29. Qxf4 Nxf4 30. Rd2 Rfd8 31. Rcd1 Kf7 32. Be5 Ne6 33. Rxd6 Rxd6 34.
Rxd6 Rb4 35. Rxa6 Rxc4 36. Ra7+ Ke8 37. Rxh7 Ra4 38. Ra7 c4 39. a6 Nc5 40. Ra8+
Kd7 41. a7 Nb7 42. Bd4 Nd8 43. Rb8 Nc6 44. a8=Q Rxa8 45. Rxa8 Nxd4 46. Ra4 Ne2+
47. Kf1 c3 48. Kxe2 c2 49. Rc4 1-0